Metafísica de los sexos humanos : (Record no. 37429)

MARC details
000 -LEADER
campo de control de longitud fija 00786nam a2200229 i 4500
001 - NÚMERO DE CONTROL
campo de control 37429
003 - IDENTIFICADOR DE NÚMERO DE CONTROL
campo de control ES-MaACL
005 - FECHA Y HORA DE LA ÚLTIMA TRANSACCIÓN
campo de control 20250804012819.0
007 - CAMPO FIJO DE DESCRIPCIÓN FÍSICA--INFORMACIÓN GENERAL
campo de control de longitud fija t|
008 - DATOS DE LONGITUD FIJA--INFORMACIÓN GENERAL
campo de control de longitud fija 030221s1956 sp ||||1| spa d
100 1# - ENTRADA PRINCIPAL--NOMBRE DE PERSONA
Nombre de persona Caba, Pedro,
Fechas asociadas al nombre 1900-1992
9 (RLIN) 33052
245 10 - MENCIÓN DEL TÍTULO
Título Metafísica de los sexos humanos :
Resto del título introducción /
Mención de responsabilidad, etc. Pedro Caba.
260 ## - PUBLICACIÓN, DISTRIBUCIÓN, ETC.
Lugar de publicación, distribución, etc. Madrid :
Nombre del editor, distribuidor, etc. Índice,
Fecha de publicación, distribución, etc. 1956 (
Fabricante Lutkas)
300 ## - DESCRIPCIÓN FÍSICA
Extensión 180 p. ;
Dimensiones 19 cm.
490 1# - MENCIÓN DE SERIE
Mención de serie Colección Unamuno
594 ## - Nota al título y mención de responsabilidad
Nota al título y mención de responsabilidad "Anticipación del primer libro de una serie que lleva por título general La filosofía vuelve al hombre"
650 #7 - PUNTO DE ACCESO ADICIONAL DE MATERIA--TÉRMINO DE MATERIA
Término de materia o nombre geográfico como elemento de entrada Metafísica
Fuente del encabezamiento o término embne
9 (RLIN) 15012
650 #7 - PUNTO DE ACCESO ADICIONAL DE MATERIA--TÉRMINO DE MATERIA
Término de materia o nombre geográfico como elemento de entrada Antropología filosófica
Fuente del encabezamiento o término embne
9 (RLIN) 9891
830 1# - PUNTO DE ACCESO ADICIONAL DE SERIE-TÍTULO UNIFORME
Título uniforme Colección Unamuno
9 (RLIN) 183570
852 ## - LOCALIZACIÓN
Ubicación ES-MaACL
Número de control de estantería C-10513
Holdings
Estatus retirado Estado de pérdida Estado de daño No para préstamo Biblioteca de origen Biblioteca actual Ubicación en estantería Fecha de adquisición Fuente de adquisición Total de préstamos Signatura topográfica completa Código de barras Visto por última vez Precio de reemplazo Tipo de ítem Koha
        Biblioteca del Ateneo de Madrid Biblioteca del Ateneo de Madrid Sala Palomar 17/01/2008     C-10513 1039394 23/02/2023 23/02/2023 Libro impreso